Catálogo
 En Linea

The life of Christopher Colombus : (Registro nro. 33292)

Detalles MARC
000 -CABECERA
campo de control de longitud fija 00599nam a2200169 a 4500
001 - NÚMERO DE CONTROL
campo de control 000033801
005 - FECHA Y HORA DE LA ÚLTIMA TRANSACCIÓN
campo de control 20200930070529.0
008 - DATOS DE LONGITUD FIJA--INFORMACIÓN GENERAL
campo de control de longitud fija 110912s1870 000 spa d
040 ## - FUENTE DE LA CATALOGACIÓN
Centro catalogador/agencia de origen DO-SdBNP
Lengua de catalogación eng
Centro/agencia transcriptor BNPHU
082 ## - NÚMERO DE LA CLASIFICACIÓN DECIMAL DEWEY
Número de clasificación xxxx
Número de documento/Ítem R811
049 ## - FONDOS LOCALES (OCLC)
Fondos de biblioteca BNPD
100 1# - ENTRADA PRINCIPAL--NOMBRE DE PERSONA
Nombre de persona Roselly de Lorgues,
Fechas asociadas al nombre 1805-1898
9 (RLIN) 59075
245 10 - MENCIÓN DE TÍTULO
Título The life of Christopher Colombus :
Resto del título From authentic Spanish and Italian documents /
Mención de responsabilidad, etc. Compiled from the French of Roselly de Lorgues. By J. J. Barry.
260 ## - PUBLICACIÓN, DISTRIBUCIÓN, ETC.
Lugar de publicación, distribución, etc. Boston :
Nombre del editor, distribuidor, etc. Patrick Donahoe,
Fecha de publicación, distribución, etc. 1870.
300 ## - DESCRIPCIÓN FÍSICA
Extensión xvi, 620 p. ;
Dimensiones 21 cm.
700 1# - PUNTO DE ACCESO ADICIONAL--NOMBRE DE PERSONA
Nombre de persona Barry, John Joachim
Término indicativo de función/relación trd.
9 (RLIN) 59222
Existencias
Estado de retiro Estado de pérdida Restricciones de uso No para préstamo Código de colección Localización permanente Ubicación/localización actual Ubicación en estantería Fecha de adquisición Número de inventario Total de préstamos Signatura topográfica completa Código de barras Fecha visto por última vez Precio válido a partir de Tipo de ítem Koha
      Excluido de préstamo Monografías: Libros y Folletos Patrimonio Dominicano Patrimonio Dominicano En catalogación 12.09.2011 LF1   xxxx R811 33801-10 25.06.2020 25.06.2020 No se presta

Con tecnología Koha